Reč tvarov a zobrazovania

Bibliographic Details
Main Author: Chriašteľová, Ľubica, 1948- (Author)
Format: Article
Language:Slovak
Subjects:

MARC

LEADER 00000nab a2200000 a 4500
001 vtls000090305
003 SK-MaSNL
005 20260303032236.0
008 111103c1981 xo 0 slo
015 |a SNBRB19rr/mm-uuuuu 
035 |a CL0100408 
040 |a SNKBUCL  |b slo  |c SNKBUCL  |e AACR2 
041 0 |a slo 
044 |a xo  |c SK 
080 |a 730  |2 1981 
080 |a 929 Šípkovský, Juraj  |2 1981 
100 1 |a Chriašteľová, Ľubica,  |d 1948-  |4 aut  |9 5061 
245 1 0 |a Reč tvarov a zobrazovania  |c Ľ. Chriašteľová 
650 0 7 |a Šípkovský, Juraj  |2 snkbucl  |9 1014905 
651 7 |a 5201  |2 snkbucl  |9 277970 
655 7 |a články z novín a časopisov  |2 snkbucl  |9 267496 
773 0 |t Ľud  |g Roč. 34, č. 138 (13. 6. 1981), s. 4 
850 |a Slovenská národná knižnica v Martine  |a MTA001 
852 |a SNK  |b KIS3GCP 
958 |a RK 
992 |a RBX 
999 |c 1663190  |d 1665120